[Event "Challenge"]
[Site "http://www.queenalice.com/game.php?id=930144"]
[Date "2011.4.25"]
[Round "-"]
[White "genethetrucker"]
[Black "joskoa"]
[Result "0-1"]
[WhiteElo "1594"]
[BlackElo "1653"]

1. e4 e5 2. Nf3 Nc6 3. Bb5 Bc5 4. Nc3 Nf6 5. d3 h6 6. O-O Bd6 7. Be3 Qe7 8. a3
a6 9. Bc4 b5 10. Ba2 O-O 11. b4 Nd4 12. Nxd4 exd4 13. Bxd4 Be5 14. Bxe5 Qxe5 15.
Qd2 Bb7 16. f3 c6 17. Ne2 Rae8 18. Ng3 c5 19. Nf5 Kh7 20. c3 g5 21. Rae1 Nh5 22.
d4 cxd4 23. cxd4 Qf4 24. Qd3 Ng7 25. d5 Nxf5 26. exf5 Rxe1 27. Rxe1 Qd6 28. f6+
Kg8 29. Qf5 Bc8 30. h4 Qf4 31. Qxf4 gxf4 32. Re4 d6 33. Rxf4 Re8 34. Rg4+ Bxg4
35. fxg4 Re4 36. Bb3 Rxg4 37. Kh2 Rxh4+ 38. Kg3 Rh5 39. Kg4 Re5 40. Kf4 Kh7 41.
g4 Re1 42. Bc2+ Kg8 43. g5 hxg5+ 44. Kxg5 Ra1 45. Kh6 Rxa3 46. Bh7+ Kf8 47. Kg5
Rb3 48. Kf4 Rxb4+ 49. Ke3 a5 50. Kd3 Rh4 51. Be4 Rh3+ 52. Ke2 a4 53. Kd2 b4 54.
Kc2 a3 55. Kb1 b3 56. Bg2 Rc3 57. Be4 Re3 58. Bf5 Re1# 0-1

[Event "Challenge"]
[Site "http://www.queenalice.com/game.php?id=934253"]
[Date "2011.5.4"]
[Round "-"]
[White "pork_chop"]
[Black "joskoa"]
[Result "1/2-1/2"]
[WhiteElo "1658"]
[BlackElo "1665"]

1. e4 e5 2. a4 Nf6 3. f3 Bc5 4. Ne2 d6 5. d3 h6 6. Ng3 g6 7. Na3 a6 8. Nc4 d5 9.
Nxe5 Qd6 10. Bf4 Qb6 11. a5 Qb4+ 12. c3 Qxb2 13. Bd2 dxe4 14. Rb1 Qa3 15. dxe4
Bf2+ 16. Kxf2 Qc5+ 17. Ke1 Qxe5 18. Rb2 Qxa5 19. Qb1 b6 20. c4 Qe5 21. Be3 Nbd7
22. Rb3 Rb8 23. Qa2 a5 24. Rd3 Nc5 25. Rd4 Be6 26. Qb2 O-O 27. f4 Na4 28. fxe5
Nxb2 29. exf6 Na4 30. Bxh6 Rfe8 31. h4 c5 32. Rd2 Red8 33. Ra2 Nc3 34. Rc2 Nd1
35. h5 Ne3 36. Rc1 Nxf1 37. Nxf1 a4 38. hxg6 fxg6 39. e5 Rd4 40. Rc3 Bxc4 41.
Rg3 Bxf1 42. Rxg6+ Kf7 43. Rg7+ Ke6 44. Rxf1 Re4+ 45. Kd2 Rd8+ 46. Kc3 Rdd4 47.
Re7+ Kd5 48. f7 Rc4+ 49. Kd3 Rcd4+ 50. Kc3 Rc4+ 51. Kd3 Rcd4+ 52. Kc3 1/2-1/2

[Event "Challenge"]
[Site "http://www.queenalice.com/game.php?id=935692"]
[Date "2011.5.8"]
[Round "-"]
[White "zaccho"]
[Black "joskoa"]
[Result "0-1"]
[WhiteElo "1625"]
[BlackElo "1646"]

1. e3 e6 2. Nf3 Nf6 3. Ne5 Be7 4. Qf3 O-O 5. h4 d6 6. Nd3 c5 7. h5 e5 8. Qg3 Nc6
9. h6 g6 10. Be2 Bf5 11. e4 Nxe4 12. Qf3 Nd4 13. Qe3 Bg5 14. Qf3 Nxf3+ 15. Bxf3
b6 16. g4 Bxg4 17. Bxg4 f5 18. Bf3 c4 19. Nb4 d5 20. Nc6 Qd6 21. Bxe4 fxe4 22.
b3 Qxc6 23. Bb2 d4 24. Na3 b5 25. O-O-O a5 26. Rdg1 Rf5 27. Kb1 Bxd2 28. Rg2 e3
29. fxe3 Qxg2 30. Rd1 Bxe3 31. Ka1 c3 32. Bc1 Rf1 33. Rxf1 Qxf1 34. Nb1 Bxc1 35.
b4 Bb2# 0-1

[Event "Challenge"]
[Site "http://www.queenalice.com/game.php?id=936206"]
[Date "2011.5.9"]
[Round "-"]
[White "renet54"]
[Black "joskoa"]
[Result "0-1"]
[WhiteElo "1617"]
[BlackElo "1625"]

1. d4 e6 2. Nf3 c5 3. e3 Nc6 4. c3 a6 5. Bd3 Nf6 6. O-O d5 7. e4 h6 8. e5 Nd7 9.
c4 cxd4 10. cxd5 Ncxe5 11. Nxe5 Nxe5 12. dxe6 Bxe6 13. Re1 Bd6 14. Be4 Rb8 15.
Qxd4 Nf3+ 16. Bxf3 Bxh2+ 17. Kxh2 Qxd4 18. Be3 Qxb2 19. Nd2 O-O 20. g4 b5 21.
Ne4 Qe5+ 22. Kg1 Rfe8 23. g5 f5 24. Ng3 f4 25. Bxf4 Qxf4 26. Bc6 Bf7 27. Bxe8
Bxe8 28. Re7 hxg5 29. Nh5 Qg4+ 30. Kf1 Bxh5 31. Rae1 Rf8 32. Ra7 Qf3 33. Ree7
Qxf2# 0-1

[Event "Challenge"]
[Site "http://www.queenalice.com/game.php?id=939866"]
[Date "2011.5.19"]
[Round "-"]
[White "joskoa"]
[Black "pork_chop"]
[Result "0-1"]
[WhiteElo "1665"]
[BlackElo "1634"]

1. d4 d5 2. e3 Nf6 3. Bb5+ c6 4. Bd3 Bg4 5. Nf3 e6 6. Nbd2 Bb4 7. c3 Ba5 8. b4
Bb6 9. O-O h5 10. h3 Bf5 11. Bxf5 exf5 12. Re1 Na6 13. a4 Bc7 14. Qe2 Qd6 15. b5
g5 16. Nxg5 Qh2+ 17. Kf1 Qh1# 0-1

[Event "Let's Play Chess!"]
[Site "http://www.queenalice.com/game.php?id=942260"]
[Date "2011.5.25"]
[Round "-"]
[White "kisarsk"]
[Black "joskoa"]
[Result "1-0"]
[WhiteElo "1640"]
[BlackElo "1680"]

1. d4 e6 2. e4 c5 3. c3 Be7 4. e5 h6 5. Bc4 f6 6. Qh5+ Kf8 7. Qf3 Qb6 8. Ne2 Nc6
9. Nf4 Ke8 10. Qh5+ Kd8 11. Qf7 cxd4 12. Qxg7 Nxe5 13. Bb3 dxc3 14. Nxc3 d5 15.
Qxh8 Kd7 16. Qxg8 1-0

[Event "Let's Play Chess!"]
[Site "http://www.queenalice.com/game.php?id=942316"]
[Date "2011.5.25"]
[Round "-"]
[White "joskoa"]
[Black "Kirita"]
[Result "0-1"]
[WhiteElo "1646"]
[BlackElo "1690"]

1. e4 e5 2. Nf3 d6 3. Be2 Nf6 4. Nc3 Nc6 5. O-O Be7 6. Bb5 Bd7 7. Bc4 O-O 8. d4
Bg4 9. Be2 Bxf3 10. Bxf3 exd4 0-1

[Event "Challenge"]
[Site "http://www.queenalice.com/game.php?id=942479"]
[Date "2011.5.26"]
[Round "-"]
[White "joskoa"]
[Black "AlekinePb"]
[Result "1-0"]
[WhiteElo "1647"]
[BlackElo "1382"]

1. d4 d5 2. e3 Nf6 3. Bd3 Bg4 4. Nf3 e6 5. Nbd2 c5 6. c4 dxc4 7. Nxc4 Nc6 8. h3
Bxf3 9. Qxf3 cxd4 10. O-O Bd6 11. Nxd6+ Ke7 12. Nxb7 Qd5 13. Qxd5 Nxd5 14. Be4
Rhd8 15. Nxd8 Rxd8 16. Bxd5 exd5 17. Bd2 dxe3 18. Bxe3 1-0

[Event "AUTO-INT-2043"]
[Site "http://www.queenalice.com/game.php?id=942512"]
[Date "2011.5.26"]
[Round "1"]
[White "alexsoncini"]
[Black "joskoa"]
[Result "1-0"]
[WhiteElo "1871"]
[BlackElo "1671"]

1. e4 c5 2. Ne2 e5 3. d3 d6 4. Nbc3 Be6 5. f4 Nc6 6. f5 Bd7 7. Nd5 Nge7 8. Bg5
f6 9. Nxe7 Bxe7 10. Be3 Nd4 11. c3 Nc6 12. Ng3 Qc7 13. Be2 O-O-O 14. O-O Rhe8
15. a4 Kb8 16. b4 g6 17. fxg6 hxg6 18. a5 a6 19. d4 exd4 20. cxd4 Nxb4 21. Qb3
Bf8 22. dxc5 dxc5 23. Rxf6 Bg7 24. Bf4 Re5 25. Rf7 Bh8 26. Rd1 Qxa5 27. Bxe5+
Bxe5 28. Rfxd7 Rxd7 29. Rxd7 Bd4+ 30. Rxd4 cxd4 31. e5 1-0

[Event "AUTO-INT-2043"]
[Site "http://www.queenalice.com/game.php?id=942513"]
[Date "2011.5.26"]
[Round "1"]
[White "joskoa"]
[Black "alexsoncini"]
[Result "0-1"]
[WhiteElo "1663"]
[BlackElo "1899"]

1. d4 e5 2. d5 c6 3. dxc6 bxc6 4. e4 Nf6 5. Bg5 Qb6 6. Bxf6 gxf6 7. b3 Na6 8. c3
Nc7 9. Nd2 d5 10. Ngf3 Ba6 11. Bxa6 Qxa6 12. a4 Qd3 13. Qc1 dxe4 14. Nh4 e3 15.
fxe3 Qxe3+ 16. Kd1 Bh6 17. Nf5 Qxd2+ 18. Qxd2 Bxd2 19. Kxd2 Kd7 20. Kc2 Rhg8 21.
Rhd1+ Ke6 22. Ne3 Nd5 23. Nxd5 Rxg2+ 24. Rd2 Rxd2+ 25. Kxd2 cxd5 26. Re1 Rg8 27.
Re2 f5 28. b4 f4 29. b5 f3 30. Re1 Rg2+ 31. Ke3 Re2+ 32. Rxe2 fxe2 33. Kxe2 Kd6
34. Ke3 f5 0-1

[Event "AUTO-INT-2043"]
[Site "http://www.queenalice.com/game.php?id=942524"]
[Date "2011.5.26"]
[Round "1"]
[White "renet54"]
[Black "joskoa"]
[Result "0-1"]
[WhiteElo "1638"]
[BlackElo "1650"]

1. e4 c5 2. Nf3 Nc6 3. Bb5 Nd4 4. Nc3 Nxb5 5. O-O Nxc3 6. dxc3 e6 7. Be3 Be7 8.
Re1 h6 9. Qe2 d6 10. Rad1 Nf6 11. b4 Nxe4 12. bxc5 Nxc3 13. Qf1 Nxd1 14. Rxd1 f6
15. cxd6 Bxd6 16. Qb5+ Kf7 17. Qb3 Qe7 18. Bd4 Rd8 19. Nh4 g6 20. Qe3 g5 21. Nf3
e5 22. Bxe5 Bc7 23. Qb3+ Be6 24. Qb1 Rxd1+ 25. Qxd1 fxe5 26. h3 Rd8 27. Qe2 Bxa2
28. c4 Qc5 29. Qxa2 Rd1+ 30. Kh2 e4+ 31. g3 exf3 32. Qc2 Rf1 33. Qh7+ Ke8 34.
Qg6+ Kd7 35. Qg7+ Kc6 36. Qxh6+ Bd6 37. h4 Qxf2+ 38. Kh3 Qxg3# 0-1

[Event "AUTO-INT-2043"]
[Site "http://www.queenalice.com/game.php?id=942525"]
[Date "2011.5.26"]
[Round "1"]
[White "joskoa"]
[Black "renet54"]
[Result "1-0"]
[WhiteElo "1666"]
[BlackElo "1622"]

1. d4 Nf6 2. e3 d5 3. Bd3 Nc6 4. c4 Bg4 5. Nf3 e6 6. O-O Bd6 7. h3 h5 8. Nbd2
Qd7 9. Re1 O-O-O 10. Nf1 e5 11. e4 dxe4 12. Bxe4 exd4 13. Bxc6 Qxc6 14. Bg5 Bb4
15. Bxf6 Qxf6 16. Re4 Qf5 17. Ng3 Qf6 18. hxg4 hxg4 19. Rxg4 Bd6 20. Qxd4 Qh6
21. Rh4 Qe6 22. Re1 Qg6 23. Qg4+ Qxg4 24. Rxg4 b6 25. Rxg7 Rd7 26. Rd1 Rhd8 27.
Nf5 c5 28. Nxd6+ Kb8 29. Ne5 Rxd6 30. Rxd6 Rxd6 31. Rxf7 Rd2 32. Nc6+ Kc8 33.
Rxa7 Rxb2 34. a4 Rc2 35. a5 bxa5 36. Rxa5 Rxc4 37. g3 Rc1+ 38. Kg2 Kc7 39. Ne5
Kb6 40. Ra2 Kb5 41. g4 Kb4 42. Nd3+ 1-0

[Event "AUTO-INT-2043"]
[Site "http://www.queenalice.com/game.php?id=942530"]
[Date "2011.5.26"]
[Round "1"]
[White "robinud"]
[Black "joskoa"]
[Result "1-0"]
[WhiteElo "1680"]
[BlackElo "1652"]

1. e4 e5 2. Nf3 Nc6 3. Bb5 Bc5 4. Bxc6 dxc6 5. c3 Qe7 6. b4 Bb6 7. a4 Bg4 8. h3
Bxf3 9. Qxf3 a6 10. a5 Ba7 11. O-O Nf6 12. d3 h6 13. Ba3 c5 14. Nd2 O-O-O 15.
Nc4 Rhf8 16. Qf5+ Kb8 17. Rfd1 Nd7 18. bxc5 Nxc5 19. Qxe5 Qxe5 20. Nxe5 f6 21.
Nf3 Nxd3 22. Bxf8 Bxf2+ 23. Kf1 Rxf8 24. Rxd3 1-0

[Event "AUTO-INT-2043"]
[Site "http://www.queenalice.com/game.php?id=942531"]
[Date "2011.5.26"]
[Round "1"]
[White "joskoa"]
[Black "robinud"]
[Result "0-1"]
[WhiteElo "1654"]
[BlackElo "1714"]

1. d4 d5 2. e3 Nf6 3. Bd3 g6 4. Nc3 Bg7 5. Bd2 O-O 6. Qe2 b6 7. O-O-O c5 8. dxc5
bxc5 9. Qf3 Bb7 10. Qe2 c4 11. Nb5 cxd3 12. cxd3 a6 13. Nd4 Nc6 14. Nxc6 Bxc6
15. Bc3 d4 16. exd4 Bxg2 17. Nf3 Bxh1 18. Rxh1 Nd5 19. Bd2 Rc8+ 20. Kb1 e6 21.
Bg5 Bf6 22. Rg1 Qb6 23. Ka1 Bxd4 24. Nxd4 Qxd4 25. Be3 Nxe3 26. fxe3 Qc5 27. Qd2
Qc2 0-1

[Event "Challenge"]
[Site "http://www.queenalice.com/game.php?id=945028"]
[Date "2011.6.1"]
[Round "-"]
[White "sunking"]
[Black "joskoa"]
[Result "0-1"]
[WhiteElo "1646"]
[BlackElo "1637"]

1. e3 e6 2. d4 c5 3. d5 d6 4. e4 Be7 5. Bb5+ Bd7 6. Nc3 Bxb5 7. Nxb5 Nf6 8. f3
h6 9. Qd3 exd5 10. exd5 a6 11. Na3 Nbd7 12. Qb3 b6 13. Ne2 Qc7 14. Bd2 O-O 15.
c4 Ne5 16. h3 Nh5 17. Bf4 Nxf4 18. Nxf4 Bg5 19. Ne2 Rfe8 20. O-O Ng6 21. f4 Bf6
22. Rae1 Qd8 23. g3 Bd4+ 24. Nxd4 cxd4 25. Qd3 Qf6 26. f5 Ne5 27. Qxd4 Nf3+ 28.
Rxf3 Rxe1+ 29. Kf2 Qxd4+ 30. Kg2 Qg1# 0-1

[Event "Challenge"]
[Site "http://www.queenalice.com/game.php?id=948945"]
[Date "2011.6.12"]
[Round "-"]
[White "canadianwolf"]
[Black "joskoa"]
[Result "1-0"]
[WhiteElo "1747"]
[BlackElo "1667"]

1. e4 e5 2. Qh5 Nc6 3. Bb5 Nf6 4. Qd1 Bc5 5. Bxc6 dxc6 6. h3 Nxe4 7. Qe2 Bf5 8.
d3 Nf6 9. Bg5 Qe7 10. Nc3 O-O-O 11. a3 Bd4 12. g4 Bd7 13. Nf3 Qd6 14. Bxf6 gxf6
15. Ne4 Qe6 16. c3 Bb6 17. g5 f5 18. Nf6 e4 19. Nd4 Bxd4 20. cxd4 exd3 21. Qxe6
Bxe6 22. O-O-O Rxd4 23. h4 Bb3 24. Rd2 c5 25. Rh3 c4 26. f3 h5 27. Rf2 Rd6 28.
Kd2 Re6 29. Rhh2 c6 30. Kc3 b5 31. Rd2 Rd8 32. Nxh5 Re2 33. Nf4 Rxh2 34. Rxh2
Bd1 35. Rf2 c5 36. h5 a5 37. h6 b4+ 38. axb4 axb4+ 39. Kd2 Bb3 40. Rh2 c3+ 41.
bxc3 bxc3+ 42. Kxc3 c4 43. h7 Rh8 44. g6 fxg6 45. Nxg6 1-0

[Event "Challenge"]
[Site "http://www.queenalice.com/game.php?id=950209"]
[Date "2011.6.15"]
[Round "-"]
[White "Admilton"]
[Black "joskoa"]
[Result "0-1"]
[WhiteElo "1641"]
[BlackElo "1640"]

1. Nf3 e6 2. d4 d6 3. e4 Bd7 4. a3 Be7 5. d5 e5 6. h3 a6 7. Bc4 h6 8. b4 c6 9.
Nc3 b5 10. dxc6 Nxc6 11. Bd5 Nf6 12. Nh4 Nxd5 13. exd5 Nd4 14. Nf3 Nxf3+ 15.
Qxf3 f6 16. Qg3 g5 17. Ne4 Qc7 18. Ra2 f5 19. Qc3 Qxc3+ 20. Nxc3 O-O 21. Ne2 f4
22. f3 a5 23. Bd2 a4 24. Kf2 Rac8 25. Rc1 Bf5 26. g4 Bg6 27. Nc3 Be8 28. Ne4 Bg6
29. Nc3 Bd8 30. Nxb5 Rf6 31. Na7 Bb6+ 32. Ke2 Bxa7 33. c4 Rff8 34. Rac2 Bxc2 35.
Rxc2 Rc7 36. b5 Bc5 37. Ba5 Rb7 38. Ra2 Re7 39. Kd3 Rfe8 40. Ke4 Kg7 41. b6 Rb7
42. Rb2 Bxa3 43. Ra2 Bc5 44. Rxa4 Bxb6 45. Rb4 Reb8 46. Ra4 Bxa5 47. Rxa5 Rc8
48. Ra6 Rxc4+ 49. Kd3 Rd4+ 50. Kc3 Rxd5 51. Kc4 Rc5+ 52. Kd3 Rb3+ 53. Kd2 Rxf3
54. Rxd6 Rxh3 55. Rd7+ Kf6 56. Rd3 Rxd3+ 57. Kxd3 f3 58. Ke3 Rc3+ 59. Kf2 e4 0-1

[Event "Challenge"]
[Site "http://www.queenalice.com/game.php?id=952818"]
[Date "2011.6.22"]
[Round "-"]
[White "sunking"]
[Black "joskoa"]
[Result "1/2-1/2"]
[WhiteElo "1649"]
[BlackElo "1636"]

1. e3 e6 2. d4 c5 3. d5 d6 4. c4 e5 5. e4 h6 6. Be2 Nf6 7. Nc3 a6 8. Nf3 Be7 9.
O-O Bg4 10. Nh4 Bxe2 11. Nxe2 Nxe4 12. Nf5 Nd7 13. Nxg7+ Kf8 14. Nf5 h5 15. Neg3
Nxg3 16. Nxg3 Nf6 17. Nf5 Qd7 18. Bh6+ Ke8 19. Bg7 Qxf5 20. Bxh8 Ng4 21. f3 Ne3
22. Qe2 Nxf1 23. Qxf1 Kd7 24. Bg7 Rg8 25. Bh6 Bg5 26. Bxg5 Qxg5 27. Kf2 f5 28.
Rd1 e4 29. Ke1 Qxg2 30. Qxg2 Rxg2 31. h4 exf3 32. Rd2 Ke7 33. b3 Kf6 34. a3 Rh2
35. b4 Rxh4 36. bxc5 Ke7 37. c6 bxc6 38. dxc6 Rxc4 39. Rf2 Rxc6 40. Rxf3 Kf6 41.
Rh3 Kg6 42. Rg3+ Kh6 43. Kf2 f4 44. Rf3 Rc4 45. Rd3 Ra4 46. Kf3 a5 47. Rxd6+ Kg5
48. Rd5+ Kh4 49. Rd3 Kg5 50. Rd5+ Kh6 51. Rd6+ Kg5 52. Rd5+ 1/2-1/2

[Event "Challenge"]
[Site "http://www.queenalice.com/game.php?id=954746"]
[Date "2011.6.28"]
[Round "-"]
[White "WeffersoN_1988"]
[Black "joskoa"]
[Result "1-0"]
[WhiteElo "1100"]
[BlackElo "1671"]

1. e4 c5 2. Bc4 e6 3. d3 Nc6 4. a3 Be7 5. Nf3 a6 6. c3 b5 7. Bb3 a5 8. a4 b4 9.
c4 Nd4 10. Nxd4 cxd4 11. Qf3 Bb7 12. Nd2 Bg5 13. Qg3 h6 14. Nf3 Bf6 15. Qd6 Ra6
16. Qg3 Qe7 17. Qb8+ Qd8 18. Qxb7 Rc6 19. e5 Rc7 20. Qb6 Be7 21. Qxa5 Qb8 22.
Nxd4 Ra7 23. Qb5 Qxb5 24. Nxb5 Rb7 25. a5 Bc5 26. a6 Ra7 27. Be3 1-0

[Event "Challenge"]
[Site "http://www.queenalice.com/game.php?id=956230"]
[Date "2011.7.2"]
[Round "-"]
[White "Admilton"]
[Black "joskoa"]
[Result "0-1"]
[WhiteElo "1620"]
[BlackElo "1656"]

1. Nf3 e6 2. e4 c5 3. d4 cxd4 4. Qxd4 Nc6 5. Qd3 Nb4 6. Qc4 Qa5 7. Bd2 b5 8. Qd4
Nxc2+ 9. Kd1 Nxd4 10. Bxa5 Nxf3 11. gxf3 Bc5 12. Ke1 a6 13. Bc3 f6 14. b4 Bd6
15. Nd2 Be5 16. Bxe5 fxe5 17. Rg1 g6 18. Rg5 Ne7 19. Rxe5 Nc6 20. Rc5 Nxb4 21.
a3 Nc6 22. f4 O-O 23. f5 exf5 24. exf5 Rxf5 25. Rxf5 gxf5 26. Bg2 Bb7 27. Rd1
Na5 28. f3 Re8+ 29. Kf2 d5 30. Nb1 f4 31. Nc3 Re3 32. Nb1 Nc4 33. Rd4 Nxa3 34.
Rxf4 Rb3 35. Nd2 Rd3 36. Ke2 Rc3 37. Rg4+ Kh8 38. f4 Nc4 39. Nxc4 bxc4 40. Rg5
Rc2+ 41. Kf3 d4+ 42. Kg3 Rxg2+ 43. Kh4 Rxg5 0-1

[Event "Challenge"]
[Site "http://www.queenalice.com/game.php?id=958867"]
[Date "2011.7.10"]
[Round "-"]
[White "wvulcanis"]
[Black "joskoa"]
[Result "1-0"]
[WhiteElo "1750"]
[BlackElo "1623"]

1. e4 c5 2. Nf3 e6 3. Bc4 Nc6 4. O-O Nf6 5. Nc3 d6 6. d3 h6 7. a3 Nd4 8. Nb5
Nxb5 9. Bxb5+ Bd7 10. c4 a6 11. Bxd7+ Qxd7 12. b4 Be7 13. Re1 b6 14. e5 dxe5 15.
Nxe5 Qc7 16. Bf4 Bd6 17. d4 Rd8 18. Qa4+ Nd7 19. Qxa6 cxd4 20. Rad1 Bxe5 21.
Rxe5 Nxe5 22. Qb5+ Qc6 23. Qxe5 O-O 24. Rxd4 Rxd4 25. Qxd4 Re8 26. h3 f6 27. Be3
e5 28. Qg4 g5 29. c5 bxc5 30. Qc4+ Re6 31. b5 Qd7 32. Qxc5 Rd6 33. Qc4+ Kg7 34.
a4 Rd1+ 35. Kh2 e4 36. g3 Rd6 37. a5 Kg6 38. Qxe4+ f5 39. Qb4 Kh5 40. a6 1-0

[Event "Challenge"]
[Site "http://www.queenalice.com/game.php?id=959442"]
[Date "2011.7.12"]
[Round "-"]
[White "joskoa"]
[Black "GrandpaRichard"]
[Result "0-1"]
[WhiteElo "1637"]
[BlackElo "1698"]

1. d4 Nf6 2. e3 a6 3. c4 d5 4. cxd5 Nxd5 5. Nc3 Bf5 6. Nge2 Nxc3 7. Nxc3 e5 8.
Bc4 Bb4 9. O-O Qg5 10. e4 Bg4 11. Qa4+ Bd7 12. Bxg5 Bxa4 13. a3 Bxc3 14. bxc3
Nc6 15. d5 Na5 16. Be2 h6 17. Be3 O-O 18. c4 c6 19. d6 b5 20. c5 Nc4 21. Bxc4
bxc4 22. Bd2 Rab8 23. Bb4 Rb5 24. f4 a5 25. Bc3 Rxc5 26. Bxe5 Rd8 27. Bd4 Rb5
28. e5 Rb3 29. Rfe1 Rd3 30. Bc5 Rd5 31. Bb6 Rd7 32. Re4 c3 33. Rxa4 c2 34. Kf2
Rd1 35. Bd4 Rxa1 36. Be3 c1=Q 37. Bxc1 Rxc1 0-1

[Event "Challenge"]
[Site "http://www.queenalice.com/game.php?id=959443"]
[Date "2011.7.12"]
[Round "-"]
[White "GrandpaRichard"]
[Black "joskoa"]
[Result "1-0"]
[WhiteElo "1709"]
[BlackElo "1612"]

1. e4 e6 2. d4 c5 3. Nf3 cxd4 4. Nxd4 Nc6 5. Nc3 Bb4 6. a3 Bxc3+ 7. bxc3 Nxd4 8.
Qxd4 f6 9. e5 b6 10. Bb5 Bb7 11. O-O Qc7 12. Rd1 O-O-O 13. exf6 gxf6 14. Qg4 Ne7
15. Qd4 Rhg8 16. f3 Qc5 17. Bd3 Qxd4+ 18. cxd4 Bxf3 19. Rd2 Bd5 20. Rf2 f5 21.
Ba6+ Bb7 22. Bd3 Ng6 23. Bg5 Rdf8 24. Rb1 d5 25. c4 dxc4 26. Bxc4 Bd5 27. Bxd5
exd5 28. Rb5 Nh8 29. Rc2+ Kb7 30. Bf4 Ka6 31. Rxd5 Rd8 32. Rxd8 Rxd8 33. Be5 Ng6
34. Bf6 Rd7 35. g3 h5 36. Rc4 Nf8 37. Kg2 Ne6 38. Kf3 Nc7 39. Kf4 Nd5+ 40. Kg5
b5 41. Rc6+ Ka5 42. Kxf5 Ne7+ 43. Ke6 Nxc6 44. Kxd7 Ka4 45. Kxc6 Kxa3 46. Kxb5
1-0

[Event "Challenge"]
[Site "http://www.queenalice.com/game.php?id=964975"]
[Date "2011.7.26"]
[Round "-"]
[White "wvulcanis"]
[Black "joskoa"]
[Result "1-0"]
[WhiteElo "1719"]
[BlackElo "1591"]

1. d4 e6 2. e4 d6 3. c4 Bd7 4. Nc3 Be7 5. Be2 h6 6. Nf3 c6 7. O-O Na6 8. a3 Nc7
9. b4 d5 10. c5 Nf6 11. e5 Ng8 12. a4 Bg5 13. h3 Bxc1 14. Qxc1 Ne7 15. Rb1 1-0